| 000 | 00556cam a2200229ua 4500 | ||
|---|---|---|---|
| 020 | _c7.50 | ||
| 041 |
_amal _h |
||
| 082 |
_a604.2 _bABD/SA |
||
| 100 | _aAbdulsalam, . | ||
| 245 |
_aSankethika varappu / _cAbdulsalam. _hTextual Documents |
||
| 250 |
_a1 / _b. |
||
| 260 |
_aThiruvananthapuram : _bState Instititute of Languages , _c1974. |
||
| 300 | _a255 ; . | ||
| 365 | _a7.50 | ||
| 504 | _a | ||
| 942 | _cBK | ||
| 999 |
_c5397 _d5397 |
||